[Event "Dobczyce2015"]
[Site "Dobczyce "]
[Date "2015.??.??"]
[Round "9.3"]
[White "Gawronski, Lukasz"]
[Black "Kyc, Jerzy"]
[Result "0-1"]
[WhiteElo "2006"]
[BlackElo "2127"]
[PlyCount "68"]
[EventDate "2015.??.??"]

1. d4 Nf6 2. Bg5 Ne4 3. Bf4 d5 4. e3 g6 5. Bd3 Bg7 6. Bxe4 dxe4 7. Nc3 f5 8. f3
c5 9. fxe4 cxd4 10. exd4 fxe4 11. Nxe4 O-O 12. Bxb8 Rxb8 13. c3 Qd5 14. Qb3 Be6
15. Nc5 Rf1+ 16. Kxf1 Qf5+ 17. Nf3 Bxb3 18. axb3 b6 19. Na4 Qc2 20. h4 Rf8 21.
Kg1 Bh6 22. Rh3 b5 23. Nc5 Qxb2 24. Re1 Qxc3 25. Rxe7 Be3+ 26. Kh2 Bf4+ 27. Kg1
Bd6 28. Re1 Bxc5 29. dxc5 a5 30. c6 Rxf3 31. Re8+ Kf7 32. Rxf3+ Qxf3 33. gxf3
Kxe8 34. Kf2 a4 0-1

[Event "Dobczyce2015"]
[Site "Dobczyce "]
[Date "2015.??.??"]
[Round "9.5"]
[White "Golenia, Jan"]
[Black "Brozyna, Mateusz"]
[Result "1/2-1/2"]
[WhiteElo "1792"]
[BlackElo "1783"]
[PlyCount "120"]
[EventDate "2015.??.??"]

1. Nf3 f5 2. d4 Nf6 3. Bf4 e6 4. Nbd2 b6 5. e3 Bb7 6. Bd3 Be7 7. Qe2 Ne4 8. c3
O-O 9. h3 d6 10. Rg1 Nd7 11. g4 Nxd2 12. Nxd2 e5 13. dxe5 dxe5 14. Bh2 f4 15.
O-O-O Kh8 16. exf4 exf4 17. Nb3 Bd6 18. Qc2 Qh4 19. Bf1 Nc5 20. Nd4 Be4 21. Qd2
Qe7 22. f3 Bg6 23. Bc4 Rae8 24. Rge1 Qf6 25. Bg1 a6 26. Nb3 Nxb3+ 27. Bxb3 Be5
28. Bd4 Bxd4 29. Rxe8 Bxe8 30. Qxd4 Qxd4 31. Rxd4 Bc6 32. Bd5 Bxd5 33. Rxd5 h6
34. Kd2 Rf7 35. h4 g6 36. c4 Kg7 37. b4 Kf6 38. a3 Re7 39. Rd3 g5 40. h5 Ke6
41. Rd5 Rd7 42. Rxd7 Kxd7 43. Kd3 c5 44. bxc5 bxc5 45. Kc3 Kc6 46. Kb3 Kb6 47.
Ka4 a5 48. Kb3 Kc6 49. Ka4 Kb6 50. Kb3 Kc6 51. Kc3 a4 52. Kd3 Kd6 53. Ke4 Ke6
54. Kd3 Kd6 55. Kc3 Ke5 56. Kd3 Kd6 57. Ke4 Ke6 58. Kd3 Kd6 59. Kd2 Kc7 60. Kc3
Kc6 1/2-1/2

[Event "Dobczyce2015"]
[Site "Dobczyce "]
[Date "2015.??.??"]
[Round "9.6"]
[White "Lanoszka, Tadeusz"]
[Black "Klementys, Jerzy"]
[Result "0-1"]
[WhiteElo "1418"]
[BlackElo "1652"]
[PlyCount "60"]
[EventDate "2015.??.??"]

1. e4 c5 2. Nf3 d6 3. d4 cxd4 4. Nxd4 Nf6 5. Nc3 a6 6. Be2 e5 7. Nf3 Be7 8. O-O
Qc7 9. Ne1 Nbd7 10. Be3 b5 11. f3 Bb7 12. Rc1 b4 13. Nb1 O-O 14. c3 Qa5 15. a3
bxa3 16. Nxa3 d5 17. exd5 Bxd5 18. Ra1 Qc7 19. Qd2 Rfd8 20. g4 Nc5 21. Qc2 Bb3
22. Qb1 Nd5 23. Nac2 a5 24. Bxc5 Bxc5+ 25. Kh1 Nf4 26. Bd1 Rd2 27. Ne3 Bxd1 28.
Nxd1 Qd6 29. Qc1 Rd8 30. g5 Rxd1 0-1

[Event "Dobczyce2015"]
[Site "Dobczyce "]
[Date "2015.??.??"]
[Round "9.7"]
[White "Golenia, Wojciech"]
[Black "Mazurkiewicz, Adam"]
[Result "1-0"]
[WhiteElo "1750"]
[BlackElo "1378"]
[PlyCount "41"]
[EventDate "2015.??.??"]

1. e4 e5 2. f4 d5 3. exd5 Qxd5 4. Nc3 Qe6 5. fxe5 Qxe5+ 6. Be2 Bg4 7. d4 Qe6 8.
Bf4 Na6 9. Qd2 Bb4 10. d5 Qe7 11. O-O-O Bxc3 12. Qxc3 Bxe2 13. Nxe2 Nf6 14. d6
cxd6 15. Bxd6 Ne4 16. Qxg7 Qf6 17. Qxf6 Nxf6 18. Be5 Ke7 19. Nf4 Rhg8 20. Rhe1
Ng4 21. Bg7+ 1-0

[Event "Dobczyce2015"]
[Site "Dobczyce "]
[Date "2015.??.??"]
[Round "9.8"]
[White "Bielecki, Andrzej"]
[Black "Gromada, Andrzej"]
[Result "0-1"]
[WhiteElo "1381"]
[BlackElo "1821"]
[PlyCount "52"]
[EventDate "2015.??.??"]

1. c4 f5 2. e4 fxe4 3. d3 exd3 4. Bxd3 Nf6 5. Nc3 e6 6. Bg5 Bb4 7. Qc2 Nc6 8.
Nf3 Qe7 9. O-O Bxc3 10. Qxc3 O-O 11. Rfe1 d6 12. a3 e5 13. Qc2 Bg4 14. Bxf6
gxf6 15. Nd2 Nd4 16. Qc3 Qg7 17. Kh1 Kh8 18. h3 Qh6 19. Re3 Rg8 20. Rg3 Bd7 21.
Rxg8+ Rxg8 22. Bf1 Bc6 23. Re1 Qg5 24. Ne4 Qg6 25. Qd3 Ne6 26. g3 Nd4 0-1